banner koha

Multiplicação in vitro de porta-enxerto de macieira cv. Marubakaido (Malus prunifolia Willd, Borkh)com diferentes níveis de benzilaminopurina e ácido naftalenacético (Registro n. 176578)

MARC details
000 -LÍDER
campo de controle de tamanho fixo 01120nas a2200325 4500
001 - NÚMERO DE CONTROLE
campo de controle BR0305305
003 - IDENTIFICADOR DO NÚMERO DE CONTROLE
campo de controle BR-BrBNA
005 - DATA E HORÁRIO DA ÚLTIMA TRANSAÇÃO
campo de controle 20231205104135.0
007 - CAMPO FIXO DE DESCRIÇÃO FÍSICA--INFORMAÇÃO GERAL
campo de controle de tamanho fixo ta
008 - CAMPO DE DADOS FIXOS--INFORMAÇÃO GERAL
campo de controle de tamanho fixo 230509b bl.|||p| |||| 00| 00por d
040 ## - FONTE DA CATALOGAÇÃO
Instituição da catalogação original BR-BrBNA
Idioma da catalogação por
Instituição que transcreveu o registro Biblioteca Nacional de Agricultura
041 ## - CÓDIGO DE IDIOMA
Código do idioma do texto/trilha sonora ou título diferente (Pt)
072 ## - CÓDIGO DE CATEGORIA DE ASSUNTO
Código de Categoria de Assunto F02
100 1# - ENTRADA PRINCIPAL--NOME PESSOAL
Nome pessoal Giacob, C.L.
100 1# - ENTRADA PRINCIPAL--NOME PESSOAL
Nome pessoal Gomes, F.R.C.
100 1# - ENTRADA PRINCIPAL--NOME PESSOAL
Nome pessoal Kroth, L.L.
100 1# - ENTRADA PRINCIPAL--NOME PESSOAL
Nome pessoal Conceição, M.K.
100 1# - ENTRADA PRINCIPAL--NOME PESSOAL
Nome pessoal Fortes, G.R. de L.
245 1# - TÍTULO
Título Multiplicação in vitro de porta-enxerto de macieira cv. Marubakaido (Malus prunifolia Willd, Borkh)com diferentes níveis de benzilaminopurina e ácido naftalenacético
650 ## - ASSUNTO--TERMO TÓPICO
Cabeçalho tópico ou nome geográfico MAÇÃ
650 ## - ASSUNTO--TERMO TÓPICO
Cabeçalho tópico ou nome geográfico PORTA ENXERTO
650 ## - ASSUNTO--TERMO TÓPICO
Cabeçalho tópico ou nome geográfico MICROPROPAGAÇÃO
650 ## - ASSUNTO--TERMO TÓPICO
Cabeçalho tópico ou nome geográfico REGULADOR DE CRESCIMENTO
650 ## - ASSUNTO--TERMO TÓPICO
Cabeçalho tópico ou nome geográfico CULTURA IN VITRO
650 ## - ASSUNTO--TERMO TÓPICO
Cabeçalho tópico ou nome geográfico ÁCIDO NAFTALENO-ACÉTICO
773 0# - ENTRADA ANALÍTICA
Título Revista Brasileira de Agrociência (Brazil)
ISSN - International Standard Serial Number ISSN 0104-8996
Partes relacionadas (Jan-Mar 2003), v. 9(1) p. 31-33
Número de controle do registro BR0305305
856 40 - LOCALIZAÇÃO ELETRÔNICA E ACESSO
Uniform Resource Identifier <a href="http://www.ufpel.tche.br/faem/agrociencia/v9n1/artigo05.htm">http://www.ufpel.tche.br/faem/agrociencia/v9n1/artigo05.htm</a>
909 ## -
-- 202311
-- Lúcia
-- 55
-- Lúcia Elande
942 ## - ELEMENTOS DE ENTRADA ADICIONADOS (KOHA)
Fonte da classificação ou esquema de arquivamento na estante Classificação AGRIS
Ocultar no OPAC Não
Tipo de material Koha Analítica
Exemplares
Situação do descarte Fonte da classificação ou esquema de arquivamento na estante Situação física Não pode ser emprestado Biblioteca de origem Biblioteca atual Localização na estante Enumeração do periódico / cronologia Total de empréstimos Data de último acesso Número do exemplar Tipo de material Koha Fonte de aquisição
  Classificação AGRIS   Consulta local Biblioteca Nacional de Agricultura - Binagri Biblioteca Nacional de Agricultura - Binagri   (Jan-Mar 2003), v. 9(1) p. 31-33   29/11/2023 01 Periódicos Portaria Interministerial nº 164/94

BINAGRI

Telefone: (61)3218-2567/2388/3357/2097 - binagri@agro.gov.br

Ministério da Agricultura e Pecuária , Esplanada dos Ministérios, Bloco D, Anexo B, Brasília/DF, CEP: 70.043-900